000 00783nam a2200265Ia 4500
005 20260121165909.0
008 008 260114s9999 xx 000 0 eng d
020 _a9789812874269
037 _aEBOOK
040 _aCRL
040 _beng
040 _cCRL
041 _2eng
041 _aeng
084 _qCRL
100 _aJaafar Pyeman, Wan Edura Wan Rashid, Azlina Hanif, Syed Jamal Abdul Nasir Syed Mohamad, Peck Leong Tan
_91057376
245 0 _aProceedings of the 1st AAGBS International Conference on Business Management 2014 (AiCoBM 2014)
260 _bSpringer
260 _bSpringer
260 _c2016
856 _uhttps://link.springer.com/openurl?genre=book&isbn=978-981-287-426-9
942 _cEBOOK
999 _c1623105
_d1623105